000 00797cab a2200277 4500
001 ABS46837
008 090401t1992 xxu||||| |||| 00| 0 eng d
035 _a(Sirsi) u59655
041 _aeng
100 _aRichardson, S.
245 _aValuation of trading properties
260 _c1992
350 _a0
490 _aCS Monthly : General Practice
_v1(10) July 1992, 2(1)
520 _aDescribes some of the main principles in valuing trading properties such as hotels and sports clubs.
650 _aGOODWILL
650 _aINVESTMENT PROPERTIES
650 _aLEISURE
650 _aRICS APPRAISAL AND VALUATION MANUAL
650 _aTRADING PROPERTIES
650 _aTURNOVER
650 _aValuation
_96273
690 _aRATING AND VALUATION
942 _n0
948 _c04/03/1997
999 _c36631
_d36631